| 000 | nam a22 7a 4500 | ||
|---|---|---|---|
| 999 |
_c28981 _d28981 |
||
| 008 | 170830b xxu||||| |||| 00| 0 eng d | ||
| 050 | _aQA 37.2 .P38 1984 | ||
| 100 | _aPatel, N. M. | ||
| 245 |
_aForm 1 mathematics/ _cN. M. Patel |
||
| 260 |
_aNairobi : _bMalimu, _c1984. |
||
| 300 | _a242p. :ill.; 21cm. | ||
| 650 | _aMathematics | ||
| 942 |
_2lcc _cBOOKS _hQA 37.2 .P38 1984 |
||